[Event "Voronezh-ch"]
[Site "Voronezh "]
[Date "2007.03.11"]
[Round "7"]
[White "Kornilov, Peter"]
[Black "Melnikov, Victor"]
[Result "1-0"]
[WhiteElo "2069"]
[BlackElo "2007"]
[PlyCount "55"]
[EventDate "2007.03.03"]
[EventType "swiss"]
[EventRounds "9"]
[EventCountry "RUS"]
[SourceTitle "EXT 2008"]
[Source "ChessBase"]
[SourceDate "2007.11.25"]
[SourceVersion "1"]
[SourceVersionDate "2007.11.25"]
[SourceQuality "1"]

1. e4 c5 2. Nf3 d6 3. Bb5+ Bd7 4. Bxd7+ Qxd7 5. 0-0 Nc6 6. c3 g6 7. d4 Nf6 8. d5 Ne5 9. Bf4 Nxf3+ 10. Qxf3 Qg4 11. Qxg4 Nxg4 12. f3 Ne5 13. Bxe5 dxe5 14. Na3 a6 15. Nc4 f6 16. a4 Rd8 17. a5 Bh6 18. Ra3 Kf7 19. Rb3 Rd7 20. Rb6 Rhd8 21. Ra1 Bf8 22. Ra3 Rc8 23. Kf2 Ke8 24. g3 Kf7 25. h4 h5 26. g4 hxg4 27. fxg4 Kg7 28. Kg3 1-0

[Event "Voronezh-ch"]
[Site "Voronezh "]
[Date "2007.03.06"]
[Round "4"]
[White "Chekhov, Sergey"]
[Black "Melnikov, Victor"]
[Result "1-0"]
[WhiteElo "2168"]
[BlackElo "2007"]
[PlyCount "67"]
[EventDate "2007.03.03"]
[EventType "swiss"]
[EventRounds "9"]
[EventCountry "RUS"]
[SourceTitle "EXT 2008"]
[Source "ChessBase"]
[SourceDate "2007.11.25"]
[SourceVersion "1"]
[SourceVersionDate "2007.11.25"]
[SourceQuality "1"]

1. e4 c5 2. Nf3 d6 3. d4 cxd4 4. Nxd4 Nf6 5. Nc3 a6 6. Be3 b5 7. a4 b4 8. Nd5 Nxd5 9. exd5 Bb7 10. Bc4 Nd7 11. a5 Qc7 12. Bb3 Nc5 13. c3 bxc3 14. bxc3 g6 15. 0-0 Bg7 16. Ba4+ Nxa4 17. Qxa4+ Qd7 18. Qb3 0-0 19. Rab1 Bc8 20. Rfe1 Ra7 21. Nc6 Rb7 22. Bb6 e5 23. Qc4 Qg4 24. Qxa6 e4 25. Qc4 Qg5 26. Be3 Qh5 27. a6 Rc7 28. a7 Be5 29. Nxe5 Rxc4 30. Nxc4 Bh3 31. gxh3 Qxd5 32. Rb8 Qc6 33. Bh6 Rc8 34. Nb6 1-0

[Event "Voronezh-ch"]
[Site "Voronezh "]
[Date "2007.03.04"]
[Round "2"]
[White "Polyansky, Viktor"]
[Black "Melnikov, Victor"]
[Result "1-0"]
[WhiteElo "2143"]
[BlackElo "2007"]
[PlyCount "42"]
[EventDate "2007.03.03"]
[EventType "swiss"]
[EventRounds "9"]
[EventCountry "RUS"]
[SourceTitle "EXT 2008"]
[Source "ChessBase"]
[SourceDate "2007.11.25"]
[SourceVersion "1"]
[SourceVersionDate "2007.11.25"]
[SourceQuality "1"]

1. e4 c5 2. Nf3 d6 3. d4 cxd4 4. Nxd4 Nf6 5. Nc3 a6 6. Bc4 e6 7. 0-0 Be7 8. Bb3 b5 9. Qf3 Qb6 10. Be3 Qb7 11. Qg3 b4 12. Na4 Nbd7 13. f3 0-0 14. c3 bxc3 15. bxc3 Nc5 16. Nxc5 dxc5 17. Ne2 e5 18. Bc2 Ne8 19. Rfd1 f5 20. exf5 Nf6 21. Qh3 Qc6 1-0

[Event "Voronezh-ch sf"]
[Site "Voronezh"]
[Date "2007.02.11"]
[Round "6"]
[White "Kornilov, Peter"]
[Black "Melnikov, Victor"]
[Result "1-0"]
[WhiteElo "2069"]
[BlackElo "2007"]
[PlyCount "59"]
[EventDate "2007.02.06"]
[EventType "swiss"]
[EventRounds "9"]
[EventCountry "RUS"]
[SourceTitle "EXT 2019"]
[Source "ChessBase"]
[SourceDate "2018.10.10"]
[SourceVersion "1"]
[SourceVersionDate "2018.10.10"]
[SourceQuality "1"]

1. e4 c5 2. Nc3 Nc6 3. g3 d6 4. Bg2 Nf6 5. d3 e5 6. Bg5 Be7 7. Bxf6 Bxf6 8. Nd5 Be6 9. Ne2 Nb4 10. Nxf6+ Qxf6 11. c3 Nc6 12. 0-0 Qh6 13. d4 cxd4 14. cxd4 Bc4 15. d5 Bxe2 16. Qxe2 Nd4 17. Qd3 0-0 18. Rac1 Rac8 19. Rc3 Qh5 20. f3 a6 21. Rf2 f6 22. a4 Qe8 23. Bh3 Rxc3 24. bxc3 Nb3 25. Be6+ Kh8 26. c4 Nc5 27. a5 g6 28. Rb2 Qe7 29. f4 Kg7 30. f5 1-0

[Event "Sukhumi op"]
[Site "Sukhumi"]
[Date "2006.08.06"]
[Round "3"]
[White "Melnikov, Victor"]
[Black "Idrisov, Ildar F"]
[Result "0-1"]
[WhiteElo "2173"]
[BlackElo "2309"]
[PlyCount "60"]
[EventDate "2006.08.04"]
[EventType "swiss"]
[EventRounds "9"]
[EventCountry "GEO"]
[SourceTitle "EXT 2011"]
[Source "ChessBase"]
[SourceDate "2010.11.26"]
[SourceVersion "1"]
[SourceVersionDate "2010.11.26"]
[SourceQuality "1"]

1. e4 c5 2. Nc3 Nc6 3. g3 g6 4. Bg2 Bg7 5. d3 e6 6. Nh3 Nge7 7. 0-0 0-0 8. f4 d6 9. Kh1 Nd4 10. Ne2 Rb8 11. c3 Nxe2 12. Qxe2 b5 13. Be3 b4 14. d4 bxc3 15. bxc3 Qa5 16. Qc2 Ba6 17. Rf2 Rfc8 18. Qd2 d5 19. g4 dxe4 20. Bxe4 Bb7 21. Bxb7 Rxb7 22. Rc1 cxd4 23. cxd4 Qd5+ 24. Kg1 Rxc1+ 25. Qxc1 Bxd4 26. Bxd4 Qxd4 27. Ng5 Rb4 28. Kg2 h6 29. Nh3 Qe4+ 30. Kg3 Rc4 0-1

[Event "Sukhumi op"]
[Site "Sukhumi"]
[Date "2006.08.04"]
[Round "1"]
[White "Melnikov, Victor"]
[Black "Pushkov, Nikolai"]
[Result "0-1"]
[WhiteElo "2173"]
[BlackElo "2430"]
[PlyCount "61"]
[EventDate "2006.08.04"]
[EventType "swiss"]
[EventRounds "9"]
[EventCountry "GEO"]
[SourceTitle "EXT 2011"]
[Source "ChessBase"]
[SourceDate "2010.11.26"]
[SourceVersion "1"]
[SourceVersionDate "2010.11.26"]
[SourceQuality "1"]

1. e4 e6 2. b3 c5 3. Bb2 Nc6 4. Nf3 d5 5. exd5 Qxd5 6. Nc3 Qd8 7. Bb5 Bd7 8. Ne4 a6 9. Be2 Nf6 10. Nxf6+ gxf6 11. Bd3 Be7 12. Qe2 Qc7 13. 0-0-0 Nb4 14. a3 Nxd3+ 15. Qxd3 0-0-0 16. Qe2 Rhg8 17. g3 e5 18. Nh4 Be6 19. d3 Qc6 20. Rhf1 b5 21. Qe4 Kb7 22. Qxc6+ Kxc6 23. f4 c4 24. fxe5 fxe5 25. Nf5 Bg5+ 26. Kb1 cxb3 27. Bxe5 bxc2+ 28. Kxc2 Bxf5 29. Rxf5 Rd5 30. Rdf1 Be7 31. d4 0-1